Quick math quiz only a short quiz 15 - Statistics

General Stats
  • This quiz has been taken 45 times
  • The average score is 14 of 15
Answer Stats
Hint Answer % Correct
1 x 12 = 12
100%
2 x 12 = 24
100%
3 x 12 = 36
100%
4 x 12 = 48
100%
5 x 12 = 60
100%
9 x 12 = 108
97%
6 x 12 = 72
97%
7 x 12 = 84
97%
8 x 12 = 96
97%
10 x 12 = 120
94%
11 x 12 = 132
94%
12 x 12 = 144
94%
13 x 12 = 156
91%
14 x 12 = 168
91%
15 x 12 = 180
91%
No matching quizzes found
Score Distribution
Percent of People with Each Score
Percentile by Number Answered
Your Score History
You have not taken this quiz